Countries made of states - Statistics

General Stats
  • This quiz has been taken 53 times
  • The average score is 7 of 14
Answer Stats
# States FD Answer % Correct
50 Yes United States
98%
26 Yes Brazil
88%
16 No Germany
86%
31 Yes Mexico
84%
28 Yes India
82%
6 Yes Australia
76%
9 No Austria
45%
36 Yes Nigeria
41%
13 Yes Malaysia
37%
23 Yes Venezuela
35%
4 No Micronesia
33%
18 No Sudan
20%
10 No South Sudan
12%
6 No Somalia
10%
No matching quizzes found
Score Distribution
Percent of People with Each Score
Percentile by Number Answered
Your Score History
You have not taken this quiz